La cuestionable y cuestionada amnistía /
Este artículo hace referencia a la Ley de Amnistía para la Consolidación de la Paz, y las implicaciones para la población salvadoreña, siendo así que se cuestione la misma a la luz de los hechos de violación de derechos humanos pese a su existencia.
Guardat en:
| Autor principal: | |
|---|---|
| Format: | Text |
| Matèries: | |
| Etiquetes: |
Afegir etiqueta
Sense etiquetes, Sigues el primer a etiquetar aquest registre!
|
MARC
| LEADER | 00000 a a2200000 04500 | ||
|---|---|---|---|
| 001 | 46714 | ||
| 003 | |||
| 040 | |||
| 100 | |a Mata, Franchesca | ||
| 245 | |a La cuestionable y cuestionada amnistía / |c Franchesca Mata | ||
| 520 | |a Este artículo hace referencia a la Ley de Amnistía para la Consolidación de la Paz, y las implicaciones para la población salvadoreña, siendo así que se cuestione la misma a la luz de los hechos de violación de derechos humanos pese a su existencia. | ||
| 590 | |a AMB/NOVIEMBRE2014 | ||
| 650 | |a ESTADO | ||
| 650 | |a DERECHOS HUMANOS | ||
| 650 | |a PAZ | ||
| 650 | |a EL SALVADOR | ||
| 773 | |g volumen68, número733 (2013), páginas 173-179 | ||
| 999 | |c 39474 |d 39474 | ||
